Historia de la Arquitectura

Gardado en:
Detalles Bibliográficos
Autor Principal: Milo, Francesco (autor)
Formato: Libro
Idioma:Lingua castelá
Publicado: Barcelona Ediciones Serres 1999
Edición:1a. ed
Series:Los Maestros del Arte
Subjects:
Tags: Engadir etiqueta
Sen Etiquetas, Sexa o primeiro en etiquetar este rexistro!

MARC

LEADER 00000nam a2200000 a 4500
001 UCG2241
003 CL-VaPUC
008 100624e19990000SP |||||||||||||||||spa|d
020 |a 8488061986 
082 0 4 |a 8  |b MIL  |2 21 
100 |a Milo, Francesco  |e autor  |9 550652 
245 1 0 |a Historia de la Arquitectura 
250 |a 1a. ed 
300 |a 64 p 
942 |c BK 
945 |d 20100624 00:00:00  |a dcastane 
260 |a Barcelona  |b Ediciones Serres  |c 1999 
650 0 |a Arquitectura  |9 804558 
583 |a last modification  |c 20100624 00:00:00  |k Rodrigo Vera 
490 0 |a Los Maestros del Arte 
999 |c 341469  |d 341467 
952 |0 0  |1 0  |4 0  |6 8_000000000000000_MIL_1999  |7 0  |8 C  |9 436983  |a BIBCUR  |b BIBCUR  |d 2019-11-22  |i 4669118  |l 4  |o 8 MIL 1999  |p 4669118  |r 2025-04-22  |s 2025-03-11  |w 2019-11-22  |y BK  |k INF